000 00268nam a22001217a 4500
008 170713b xxu||||| |||| 00| 0 eng d
041 _aeng
080 _a101
100 _a24
101 _aFIL
245 _aTHE WORLDLY PHILOSOPHERS
_cHEILBRONER,R.L
942 _2udc
_cBK
999 _c20593
_d20593